| 000 | 01048njm a22003017a 4500 | ||
|---|---|---|---|
| 001 | 5753632 | ||
| 005 | 20230502151415.0 | ||
| 007 | sdubumennmpluu | ||
| 008 | 950330s1984 cauuun eng | ||
| 010 | _a 95778531 | ||
| 020 | _a0356144046 | ||
| 028 | 0 | 0 |
_aRAG-1021 _bRag Baby Records |
| 035 | _a(OCoLC)32224359 | ||
| 040 |
_aDLC _cDLC |
||
| 050 | 0 | 0 | _aRag Baby Records RAG-1021 |
| 082 |
_a958.1044 _bJAN |
||
| 100 |
_aGoodwin, Jan _9112033 |
||
| 245 | 0 | 0 |
_aCaught in the crossfire _cJan Goodwin |
| 260 |
_aSan Francisco, CA : _bRag Baby Records, _cp1984. |
||
| 300 |
_a1 sound disc : _banalog, 33 1/3 rpm ; _c12 in. |
||
| 500 | _aBrief record. | ||
| 505 | 0 | _aCaught in the crossfire -- The year of the wolf -- Ain't lettin' go -- Operator -- Power play -- Takin' chances -- The gift -- Now that I found you -- Fire in the sky -- Never again. | |
| 650 | 0 |
_aRock music _y1981-1990. _9112034 |
|
| 700 | 1 |
_aSullivan, Rocky. _9112035 |
|
| 906 |
_a7 _bcbc _corignew _d3 _encip _f19 _gy-genmusic |
||
| 942 |
_2ddc _cBK |
||
| 999 |
_c594610 _d594610 |
||